000 00653nam a2200229Ia 4500
003 OSt
005 20220928124517.0
006 a|||||r|||| 00| 0
007 ta
008 220927b |||||||| |||| 00| 0 eng d
024 _a33652
037 _cTextual
040 _aSDCL
_cSDCL
_beng
041 _2eng
_aeng
082 _aV2:1944Q7'N9, N3
100 _aMalik Hafeez Ed.
_9418438
245 0 _aDilemmas of nation security and cooperation in India and Pakistan
260 _aLondon
_bMacmillan Press
_c1993
300 _axvi,320p
_ccm.
942 _hV2:1944Q7'N9, N3
_cTEXL
_2CC
999 _c778798
_d778798